| 000 | 00645nam a22001817a 4500 | ||
|---|---|---|---|
| 999 |
_c61712 _d61712 |
||
| 005 | 20240419153319.0 | ||
| 008 | 240419s2008 enk||||| |||| 00| 0 eng d | ||
| 020 | _a9780071441988 | ||
| 041 | _aeng | ||
| 080 | _a614 P-97 | ||
| 100 |
_aWallace, Robert _921885 |
||
| 245 |
_aPublic Health and Preventive Medicine / _cRobert Wallace. |
||
| 250 | _aFifteenth Edition | ||
| 264 |
_aNew York : _b McGraw Hill, _c2008. |
||
| 300 |
_a1328 p.: _bill.; _c29 cm. |
||
| 653 | _aსაზოგადოებრივი ჯანმრთელობა და პრევენციული მედიცინა | ||
| 942 |
_2udc _cᲬᲘᲒᲜᲘ |
||